| 000 | 00701nam a2200241Ia 4500 | ||
|---|---|---|---|
| 003 | IIN | ||
| 005 | 20250529122017.0 | ||
| 008 | 231217s2020 xx a 001 0 eng d | ||
| 020 |
_cRs.475.00 _a9789388178587 |
||
| 040 |
_aIIN _bEnglish |
||
| 082 |
_a610.73071 _bGOP |
||
| 100 | 1 | _aGopichandran, L | |
| 245 | 1 |
_aEssentials of Communication & Education Technology _bfor Bsc Nursing / _cL. Gopichandran and C. Kanniammal |
|
| 250 | _a2nd ed | ||
| 260 |
_bCBS _aNew Delhi _c2017 |
||
| 300 | _axxiv, 304 p. | ||
| 500 | _aIncludes Index | ||
| 650 | 1 |
_aEducation _vTechnology |
|
| 650 | 1 |
_aCommunication Technology _vNursing |
|
| 650 | 1 |
_aTechnology _vEducation |
|
| 700 | 1 | _aKanniammal, C | |
| 942 | _cBOOK | ||
| 999 |
_c291 _d291 |
||